000 00803nam a2200217 i 4500
001 148324
003 ES-MaACL
005 20230906202545.0
007 t|
008 070214s1969 sp a |||| | spa d
100 1 _aStebbins, Hal.
_9107965
245 1 0 _aPíldoras publicitarias
_b: una guía estimulante para los que trabajan con palabras /
_cHal Stebbins ; versión de Octavio Freixas Ortega, Enrique Roma Sáinz de la Maza ; revisión y presentación de Jorge Garriga Puig.
250 _a1ª ed.
260 _aBarcelona :
_bOikos-Tau,
_c1969.
300 _a220 p. :
_bil. ;
_c22 cm.
650 0 4 _aPublicidad.
_916609
700 1 _aFreixas Ortega, Octavio.
_952488
700 1 _aRoma Sáinz de la Maza, Enrique.
_999200
700 1 _aGarriga Puig, Jorge.
_955745
852 _aES-MaACL
_jC-47808
999 _c148324
_d148324